Sporting CP Squad 2023-2024 - Statistics

General Stats
  • This quiz has been taken 124 times
    116 since last reset
  • The average score is 23 of 27
Answer Stats
# Position Nation Player % Correct
9 FW Sweden Viktor Gyökeres
100%
12 GK Uruguay Franco Israel
99%
5 MF Japan Hidemasa Morita
99%
8 FW Portugal Pedro Gonçalves
99%
10 FW England Marcus Edwards
97%
1 GK Spain Antonio Adán
96%
4 DF Uruguay Sebastián Coates
96%
2 DF Brazil Matheus Reis
95%
26 DF Ivory Coast Ousmane Diomandé
95%
17 FW Portugal Francisco Trincão
93%
42 MF Denmark Morten Hjulmand
93%
25 DF Portugal Gonçalo Inácio
92%
- Coach Portugal Rúben Amorim
92%
21 FW Mozambique Geny Catamo
90%
72 DF Portugal Eduardo Quaresma
89%
3 DF Netherlands Jerry St. Juste
89%
11 DF Portugal Nuno Santos
89%
20 FW Portugal Paulinho
88%
23 MF Portugal Daniel Bragança
86%
22 DF Spain Iván Fresneda
85%
47 DF Portugal Ricardo Esgaio
79%
13 DF Portugal Luís Neto
71%
80 MF France Koba Koindredi
66%
45 DF Brazil Rafael Pontelo
59%
14 MF Portugal Dário Essugo
58%
91 FW Portugal Rodrigo Ribeiro
56%
83 FW Portugal Rafael Camacho
16%
No matching quizzes found
Score Distribution
Percent of People with Each Score
Percentile by Number Answered
Your Score History
You have not taken this quiz since the last reset